zpět

Detail výsledku týmu

Bartolomějka, Kolín

Datum a čas kvízu

32.5 Celkem bodů Celkový počet nahraných bodů na tomto kvízu bez doplňovacích otázek.
4. Pořadí na kvízu Konečné umístění týmu na tomto kvízu.

Zaznamenané odpovědi

# Otázka Odpověď Body Výsledky
1. Nové politické hnutí bývalého... Martin Kuba; Jihočeský 0.5
2. Co neobvyklého našli lékaři v... dělostřelecký granát 1
3. Jak se jmenuje festival zaměře... D) P*fest 0
4. Do aukční historie se nově zap... Rembrandt (Harmenszoon van Rijn) 0
5. Německá olympionička Franziska... A 1
6. 29. května roku 1500 umírá pob... Bartolomeu Dias 0
7. 8. února 1700 se narodil Danie... A) proudění tekutin 1
8. Za kulatý letopočet budeme dne... Brouček 1
9. 19. března 1900 se v Paříži na... Frédéric Joliot-Curie 0
10. Od 15. září do 1. října 2000 s... Štěpánka Hilgertová; Sydney 0